| 000 | 00579nam a2200181 a 4500 | ||
|---|---|---|---|
| 001 | 8441 | ||
| 005 | 20180713192358.0 | ||
| 008 | 140415s1992 xxu 000 0 eng d | ||
| 041 | _aeng | ||
| 082 |
_a339.53 _bGUI |
||
| 100 | 1 | _aGUITIAN, MANUEL | |
| 245 | 1 | 3 | _aLA SINGULAR NATURALEZA DE LAS FUNCIONES DEL FONDO MONETA.. |
| 250 | _a1a ed. | ||
| 260 |
_aESTADOS UNIDOS DE AMERICA : _bFONDO MONETARIO INTERNACIONAL, _c1992 |
||
| 300 | _a72 | ||
| 490 |
_aSERIES DE FOLLETOS _v46-S |
||
| 650 | 1 | 4 |
_aECONOMIA INTERNACIONAL _xFINANZAS INTERNACIONALES _xPOLITICA ECONOMICA |
| 999 |
_c8441 _d8441 |
||